Rights of Girl Child in India: Struggle for Existence and Well-Being/ (Record no. 178567)

MARC details
000 -LEADER
fixed length control field 00659nam a22001817a 4500
005 - DATE AND TIME OF LATEST TRANSACTION
control field 20210406170224.0
010 ## - LCCN (DPL NO)
LC control number ENG-129373
020 ## - INTERNATIONAL STANDARD BOOK NUMBER
International Standard Book Number 978-93-5388-284-6
Terms of availability 1095.00
035 ## - SYSTEM CONTROL NUMBER
System control number EN-112905
037 ## - SOURCE OF ACQUISITION
Source of stock number/acquisition DBAD/PUB
082 ## - DEWEY DECIMAL CLASSIFICATION NUMBER
Classification number 305.230820954
100 ## - MAIN ENTRY--PERSONAL NAME
Personal name Nitu Kumari
245 ## - TITLE STATEMENT
Title Rights of Girl Child in India: Struggle for Existence and Well-Being/
Statement of responsibility, etc Nitu Kumari
260 ## - PUBLICATION, DISTRIBUTION, ETC. (IMPRINT)
Place of publication, distribution, etc New Delhi
Name of publisher, distributor, etc Sage Publication India
Date of publication, distribution, etc 2020
270 ## - ADDRESS
Address B1/1-1 Mohan Cooperative Industrial Area Mathura Road
City New Delhi
Postal code 110044
300 ## - PHYSICAL DESCRIPTION
Extent xi+210p.
Dimensions 22cm(hbk)
Other physical details Including index and bibliographical references.
942 ## - ADDED ENTRY ELEMENTS (KOHA)
Source of classification or shelving scheme Dewey Decimal Classification
Item type English Books
Classification part 305.230820954
Call number suffix NIT
Holdings
Withdrawn status Lost status Not for loan Collection code Home library Current library Date acquired Source of acquisition Cost, normal purchase price Full call number Barcode Copy number Cost, replacement price Koha item type
      Non-fiction Central Library Central Library 06/04/2021 DBAD/PUB 1095.00 305.230820954 NIT EN-112905 1 1095.00 English Books

© Delhi Public Library
Hit Counter
free hit counter